| 000 | 01601 a2200325 4500 | ||
|---|---|---|---|
| 005 | 20160915140930.0 | ||
| 008 | 160909m19482008xxu74 |f |||| 0| 0ujpn d | ||
| 020 | _a715515033527 | ||
| 020 | _a9781604650983 | ||
| 040 |
_aCO-BoUCM _bspa _cSaul Niño _dSaul Niño |
||
| 041 | 0 | _aJap | |
| 092 | _aDVD 1538 | ||
| 245 | 0 | 0 |
_aWomen of the night _cUn film por Kenji Mizoguchi |
| 246 | _aYoru no onnatachi | ||
| 260 |
_aNew York (Estados Unidos) _bJanus Films _bCriterion Collection _c2008 |
||
| 300 | _a1 DVD, 74 minutos | ||
| 490 | 0 |
_aEclipse (Criterion Collection (Firm)), Kenji Mizoguchi's fallen women _v13 |
|
| 500 | _a[Estrenada en 1948] | ||
| 500 | _aBasada en la novela Joseimatsuri por Eijiro Hisaita | ||
| 508 | _aProducción Hisao Itoya; Guión Yoshikata Yoda; Cinematografía Minoru Miki ; Editor Tatsuko Sakane; Música por Hisato Osawa ; producción de diseño Hiroshi Mizutani | ||
| 511 | _aKinuyo Tanaka, Sanae Takasugi, Tomie Tsunoda, Mitsuo Nagata | ||
| 520 | _aEn Osaka, una secretaria, viuda de guerra, desaparece cuando su hermana se convierte en la amante de su patrón. Algún tiempo después, la encuentran en un hospital para prostitutas.[traducción de www.filmaffinity.com] | ||
| 546 | _aAudio en japonés, subtítulos en inglés | ||
| 600 | 1 |
_aHisaita, Eijiro _d1898-1976 _vAdaptaciones cinematográficas _979754 |
|
| 650 | 7 |
_926341 _aViudas en el cine _xAspectos sociales _zJapón |
|
| 650 | 7 |
_922624 _aProstitución _xDrama _zJapón |
|
| 690 | 0 |
_aEntretenimiento _926487 |
|
| 700 | 1 |
_aMizoguchi, Kenji _edirector _979755 |
|
| 942 |
_cMULTIMEDIA _2LOCAL _a11 _e1 |
||
| 999 |
_c304448 _d304448 |
||